BIBLIOTECA PODER JUDICIAL
Portal Judicial TDF

Curso de derecho internacional privado : (Registro nro. 528)

000 -LEADER
fixed length control field 00552nam a22001697a 4500
003 - CONTROL NUMBER IDENTIFIER
control field OSt
005 - DATE AND TIME OF LATEST TRANSACTION
control field 20180519114152.0
008 - FIXED-LENGTH DATA ELEMENTS--GENERAL INFORMATION
fixed length control field 180226b xxu||||| |||| 00| 0 spa d
020 ## - INTERNATIONAL STANDARD BOOK NUMBER
International Standard Book Number 9502007579
040 ## - CATALOGING SOURCE
Transcribing agency PJT
100 ## - ASIENTO PRINCIPAL - NOMBRE DE PERSONA
9 (RLIN) 596
Personal name Boggiano, Antonio
245 10 - MENCIÓN DE TÍTULO
Título propiamente dicho Curso de derecho internacional privado :
Parte restante del título derecho de las relaciones privadas internacionales /
Mención de responsabilidad, etc Antonio Boggiano.
260 ## - PUBLICATION, DISTRIBUTION, ETC. (IMPRINT)
Place of publication, distribution, etc Buenos Aires :
Name of publisher, distributor, etc Abeledo-Perrot,
Date of publication, distribution, etc 1993.
300 ## - DESCRIPCION FISICA
Extent 879 p.
Dimensions 23 cm.
650 #0 - ASIENTO SECUNDARIO DE MATERIA - TERMINO TEMATICO
9 (RLIN) 327
Topical term or geographic name as entry element DERECHO INTERNACIONAL PRIVADO
942 ## - ADDED ENTRY ELEMENTS (KOHA)
Source of classification or shelving scheme
Koha item type Libros
Classification part 341.9
Item part BOG
Existencias
Withdrawn status Lost status Source of classification or shelving scheme Damaged status Not for loan Permanent Location Current Location Date acquired Total Checkouts Total Renewals Full call number Barcode Date last seen Date checked out Price effective from Koha item type
          Biblioteca Poder Judicial Sur Biblioteca Poder Judicial Sur 2018-05-19 3 1 341.9 BOG 3255 2019-12-11 2019-10-25 2018-05-19 Libros

12 de Octubre 789 Ushuaia - Tel:  54(02901)441571
Horario de Atención: 8.00 a 17.00 hs. 
bibliotecaush@justierradelfuego.gov.ar
koha@justierradelfuego.gov.ar
Seguinos en nuestras redes @bibliojustdf 

Con tecnología Koha